| 000 | 00962nam a22002777a 4500 | ||
|---|---|---|---|
| 001 | 17028587 | ||
| 005 | 20230317123901.0 | ||
| 008 | 230317b |||||||| |||| 00| 0 eng d | ||
| 010 | _a 2011042964 | ||
| 020 | _a0321759664 (pbk) | ||
| 040 |
_aDLC _cKMU _dDLC |
||
| 042 | _apcc | ||
| 050 | 0 | 0 |
_aQA39.3 _b.A54 2012 |
| 100 | 1 |
_aAngel, Allen R., _d1942- |
|
| 245 | 1 | 2 |
_aA survey of mathematics with applications / _cAllen R. Angel, Christine D. Abbott, Dennis C. Runde. |
| 250 | _a9th ed. | ||
| 260 |
_aBoston : _bPearson Education, _c2012. |
||
| 300 |
_axvxviii, 969, [90] p. : _bcol. ill. ; _c28 cm. |
||
| 500 | _aIncludes index. | ||
| 650 | 0 |
_aMathematics _vTextbooks. |
|
| 700 | 1 | _aAbbott, Christine D. | |
| 700 | 1 | _aRunde, Dennis C. | |
| 906 |
_a0 _bvip _corignew _d1 _eecip _f20 _gy-gencatlg |
||
| 942 |
_2lcc _cBK _n0 |
||
| 999 |
_c246 _d246 |
||